00593nam a2200169 a 450000100100000000500170001000800410002704000250006808200150009310000300010824500830013826000410022130000220026204900090028495201130029399900170040600003147720200930062946.0110627s1938 dr 000 0 spa d aDO-SdBNPbspacBNPHU axxxxbP4381 aPérez Ortíz, R.9244210aNo hay peligro en seguirme... y seguiré a caballo...! /cR. Pérez Ortíz. a[Santo Domingo] :b[s. f.],c[193?]. a[20 p.] ;c18 cm. aBNPD 0010718PDaPDbPDcCTd2011-06-27iLF1l0oxxxx P438p31477-10r2020-06-25w2020-06-25yLFPDZNo se presta c30969d30969